ბათუმის შოთა რუსთაველის სახელმწიფო უნივერსიტეტის ბიბლიოთეკა

A comprehensive guide to intellectual and developmental disabilities / (ბიბ.ჩანაწერი № 58053)

000 -LEADER
fixed length control field 01455cam a2200265 i 4500
001 - CONTROL NUMBER
control field 19195178
005 - DATE AND TIME OF LATEST TRANSACTION
control field 20221108164513.0
008 - FIXED-LENGTH DATA ELEMENTS--GENERAL INFORMATION
fixed length control field 160728s2017 mdua b 001 0 eng
020 ## - INTERNATIONAL STANDARD BOOK NUMBER
International Standard Book Number 9781598576023 (hardcover)X
041 ## - LANGUAGE CODE
Language code of text/sound track or separate title eng
080 ## - UNIVERSAL DECIMAL CLASSIFICATION NUMBER
Universal Decimal Classification number 364.694 A-10
245 02 - TITLE STATEMENT
Title A comprehensive guide to intellectual and developmental disabilities /
Statement of responsibility, etc. edited by Michael L. Wehmeyer, Ivan Brown, Maire Percy, Karrie A. Shogren, and Wai Lun Alan Fung.
250 ## - EDITION STATEMENT
Edition statement Second edition.
264 #1 - PRODUCTION, PUBLICATION, DISTRIBUTION, MANUFACTURE, AND COPYRIGHT NOTICE
Place of production, publication, distribution, manufacture Baltimore :
Name of producer, publisher, distributor, manufacturer Paul H. Brookes Publishing, Co.,
Date of production, publication, distribution, manufacture, or copyright notice 2017.
300 ## - PHYSICAL DESCRIPTION
Extent 764 pages :
Other physical details illustrations ;
Dimensions 29 cm.
653 ## - INDEX TERM--UNCONTROLLED
keyword Комплексное руководство по умственным отклонениям и нарушениям развития
653 ## - INDEX TERM--UNCONTROLLED
keyword ინტელექტუალური და განვითარების შეზღუდული შესაძლებლობების სახელმძღვანელო
653 ## - INDEX TERM--UNCONTROLLED
keyword შეზღუდული შესაძლებლობების მქონე პირები
700 1# - ADDED ENTRY--PERSONAL NAME
Personal name Wehmeyer, Michael L.,
Relator term რედაქტორი
9 (RLIN) 11934
700 1# - ADDED ENTRY--PERSONAL NAME
Personal name Brown, Ivan
Relator term რედაქტორი
9 (RLIN) 11935
700 1# - ADDED ENTRY--PERSONAL NAME
Personal name Percy, Maire
Relator term რედაქტორი
9 (RLIN) 11936
700 1# - ADDED ENTRY--PERSONAL NAME
Personal name Fung, Alan
Relator term რედაქტორი
9 (RLIN) 11937
700 1# - ADDED ENTRY--PERSONAL NAME
Personal name Shogren, Karrie A.
Relator term რედაქტორი
9 (RLIN) 11938
942 ## - ADDED ENTRY ELEMENTS (KOHA)
Source of classification or shelving scheme
Koha item type წიგნი
ეგზემპლარები
Withdrawn status Lost status Source of classification or shelving scheme Damaged status Not for loan Permanent Location Current Location Shelving location Date acquired Cost, normal purchase price Full call number Barcode Date last seen Copy number Price effective from Koha item type Public note
          ბათუმის შოთა რუსთაველის სახელმწიფო უნივერსიტეტის მთავარი ბიბლიოთეკა ბათუმის შოთა რუსთაველის სახელმწიფო უნივერსიტეტის მთავარი ბიბლიოთეკა წიგნსაცავი 2021-06-02 444.00 364.694 A-10 61348 2021-06-02 61348 2021-06-02 წიგნი 444 ლ.